|
|
|
|
| LEADER |
00000nam a2200000 i 4500 |
| 001 |
DIGTRO0254 |
| 003 |
NyNyDIG |
| 007 |
cr ||||||||||| |
| 008 |
240123t20231997sp ob 000 0 spa d |
| 006 |
m o d |
| 035 |
|
|
|a (OCoLC)1407314960
|
| 040 |
|
|
|a DGITA
|b eng
|e rda
|e pn
|c DGITA
|
| 020 |
|
|
|a 9788413641669
|q eBook
|q ePub
|
| 020 |
|
|
|z 9788498796773
|
| 050 |
1 |
4 |
|a BL1138.66 ebook
|
| 130 |
0 |
|
|a Bhagavadgītā.
|l Spanish
|s (Martín)
|
| 245 |
1 |
0 |
|a Bhagavad Gītā :
|b con los comentarios advaita de Śankara /
|c edición de Consuelo Martín.
|
| 250 |
|
|
|a Séptima edición.
|
| 264 |
|
1 |
|a [Madrid] :
|b Editorial Trotta,
|c [2023]
|
| 264 |
|
4 |
|c ©1997
|
| 300 |
|
|
|a 1 online resource.
|
| 336 |
|
|
|a text
|b txt
|2 rdacontent
|
| 337 |
|
|
|a computer
|b c
|2 rdamedia
|
| 338 |
|
|
|a online resource
|b cr
|2 rdacarrier
|
| 347 |
|
|
|a text file
|2 rdaft
|
| 347 |
|
|
|b EPUB
|
| 490 |
1 |
|
|a Pliegos de Oriente. Serie Lejano Oriente
|
| 504 |
|
|
|a Includes bibliographical references.
|
| 588 |
0 |
|
|a Online resource; title from ePub title page (Digitalia, viewed January 23, 2024)
|
| 630 |
0 |
0 |
|a Bhagavadgītā.
|
| 650 |
|
0 |
|a Hinduism
|v Sacred books.
|
| 700 |
1 |
|
|a Martín, Consuelo
|q (Martín Díaz),
|e editor.
|
| 730 |
0 |
|
|i Translation of:
|a Bhagavadgītā.
|
| 791 |
2 |
|
|a Digitalia (Firm),
|e distributor.
|
| 793 |
0 |
|
|g Digitalia eBook Collection:
|a Trotta Editorial
|
| 776 |
0 |
8 |
|i Print version:
|a Bhagavadgītā. Spanish (Martín).
|t Bhagavad Gītā.
|b Séptima edición.
|d Madrid : Editorial Trotta, [2017]
|z 9788498796773
|
| 830 |
|
0 |
|a Pliegos de Oriente.
|p Serie Lejano Oriente.
|
| 856 |
4 |
0 |
|3 Digitalia Hispánica
|u https://www.digitaliapublishing.com/a/131968/
|
| 910 |
|
|
|a Premium collection: 2024
|